Statistics for All World Expo cities

Click here to take the quiz!

General Stats

  • This quiz has been taken 31 times
  • The average score is 62 of 109

Answer Stats

Year heldAnswerTips% Correct
1851 | 1862LondonWest Europe
100%
1855 | 1867 | 1878 | +5 othersParisWest Europe
96%
1953RomeSouth Europe
93%
1957BerlinCentral Europe
89%
1939New YorkUSA
89%
1970 | 1990 | 2025OsakaJapan
89%
1972 | 1982AmsterdamWest Europe
85%
2022Amsterdam - AlmereNetherlands
85%
1888 | 1929BarcelonaSouth Europe
85%
1897 | 1910 | 1935 | 1958BrusselsWest Europe
85%
1936 | 1949StockholmNorth Europe
85%
1893 | 1933ChicagoUSA
81%
1906 | 1933 | 1936 | +14 othersMilanSouth Europe
78%
1967 | 1980MontrealCanada
74%
1965 | 1983MunichCentral Europe
74%
1915San FranciscoUSA
74%
1880MelbourneOceania
70%
2020DubaiMiddle East
67%
1960RotterdamNetherlands
67%
2010ShanghaiEast Asia
67%
1873 | 1964 | 1974ViennaCentral Europe
67%
2019BeijingEast Asia
59%
1963 | 1973HamburgGermany
59%
1998LisbonSouth Europe
59%
1954NaplesSouth Europe
59%
1904St. LouisUSA
59%
1971BudapestEast Europe
56%
2023Buenos AiresSouth America
56%
1938HelsinkiNorth Europe
56%
1953JerusalemMiddle East
52%
1876PhiladelphiaUSA
48%
1962SeattleUSA
48%
1988BrisbaneOceania
44%
1949LyonFrance
44%
1984LiverpoolUK
41%
1992SevilleSpain
41%
1955 | 1961TurinSouth Europe
41%
1986VancouverCanada
41%
2021DohaMiddle East
37%
2017AstanaCentral Asia, previous name
33%
2000HannoverGermany
33%
1975OkinawaJapan, prefecture and famous island
33%
1981 | 1985 | 1991PlovdivBulgaria
33%
1913GhentBelgium
30%
1905 | 1939LiegeBelgium
30%
1984New OrleansUSA
26%
1993StuttgartGermany
26%
1951LilleFrance
22%
1992GenoaItaly
19%
2016AntalyaTurkey
15%
1982KnoxvilleUSA
15%
1949Port-au-PrinceCaribbean
15%
1968San AntonioUSA
11%
2008ZaragozaSpain
7%
2005AichiJapan, prefecture around Nagoya and Toyota
4%
2006Chiang MaiThailand
4%
1993DaejeonKorea
4%
1955HelsingborgSweden
4%
1974SpokaneUSA
4%
1956Beit DagonIsrael, House of Grain
0%
2002HaarlemmermeerNetherlands, town with Schiphol
0%
1999KunmingChina
0%
2003RostockGermany
0%
1985TsukubaJapan
0%
2012VenloNetherlands
0%
2012YeosuKorea
0%
1992ZoetermeerNetherlands, Sweet Lake City
0%

Score Distribution

Percentile by Number Answered

Percent of People with Each Score

Your Score History

You have not taken this quiz